00254nam a2200073Ia 4500008004100000082001100041100003500052245009300087190716s9999 xx 000 0 und d aTL-52# aLakshminarayanan, Panchapakesa 0aAnalytical study of differential rate of interest scheme and its impact on beneficiaries